Blends and composites of natural rubber and EPDM rubber with polar rubbers (Record no. 47316)

MARC details
000 -LEADER
fixed length control field 00579nam a2200217Ia 4500
100 ## - MAIN ENTRY--AUTHOR NAME
Personal name Nair Ajalesh Balachandran
245 #0 - TITLE STATEMENT
Title Blends and composites of natural rubber and EPDM rubber with polar rubbers
260 ## - PUBLICATION, DISTRIBUTION, ETC. (IMPRINT)
Name of publisher Rubber Science
Year of publication 2013
300 ## - PHYSICAL DESCRIPTION
Number of Pages 308-322
650 ## - SUBJECT ADDED ENTRY--TOPICAL TERM
Topical Term Composites
650 ## - SUBJECT ADDED ENTRY--TOPICAL TERM
Topical Term Composites
650 ## - SUBJECT ADDED ENTRY--TOPICAL TERM
Topical Term EPDM rubber
650 ## - SUBJECT ADDED ENTRY--TOPICAL TERM
Topical Term EPDM rubber
650 ## - SUBJECT ADDED ENTRY--TOPICAL TERM
Topical Term Polar rubbers
650 ## - SUBJECT ADDED ENTRY--TOPICAL TERM
Topical Term Polar rubbers
650 ## - SUBJECT ADDED ENTRY--TOPICAL TERM
Topical Term Rubber blends
650 ## - SUBJECT ADDED ENTRY--TOPICAL TERM
Topical Term Rubber blends
700 ## - ADDED ENTRY--PERSONAL NAME
Personal name Joseph Rani
942 ## - ADDED ENTRY ELEMENTS (KOHA)
Koha item type Articles
Holdings
Withdrawn status Lost status Damaged status Not for loan Home library Current library Shelving location Date acquired Serial Enumeration / chronology Koha item type
      Articles RRII Library RRII Library Rubber technology 19/02/2017 Volume 26, Issue 2 Articles